Building the case for green building (Record no. 78386)

MARC details
000 -LEADER
fixed length control field 01192cab a2200193 4500
001 - CONTROL NUMBER
control field ##L136642
008 - FIXED-LENGTH DATA ELEMENTS--GENERAL INFORMATION
fixed length control field 070213n2007 000 0 eng u
035 ## - SYSTEM CONTROL NUMBER
System control number (Sirsi) u136642
041 0# - LANGUAGE CODE
Language code of text/sound track or separate title eng
100 1# - MAIN ENTRY--PERSONAL NAME
Personal name Stagg, James
245 00 - TITLE STATEMENT
Title Building the case for green building
260 ## - PUBLICATION, DISTRIBUTION, ETC.
Date of publication, distribution, etc. 2007
490 #0 - SERIES STATEMENT
Series statement Contract Journal
Volume/sequential designation 437(6611) 7 February 2007, 20-21(2)
520 ## - SUMMARY, ETC.
Summary, etc. With pressure on the construction industry to adapt to sustainable practices, considers whether ecological building products and materials can compete with the traditional construction methods. Illustrates how some natural products have got advantages over their traditional counterparts, for example, woodfibre can achieve good acoustic and thermal performance when compared with polystyrene. However, the price premium that ecological products carry still deters many contractors. Concludes that further legislation and incentives are required if ecological building products are to achieve mainstream acceptance. Provides details of 10 manufacturers exhibiting products at Ecobuild 2007.
590 ## - LOCAL NOTE (RLIN)
Local note KA
651 #4 - SUBJECT ADDED ENTRY--GEOGRAPHIC NAME
Geographic name United Kingdom
Chronological subdivision
690 ## - LOCAL SUBJECT ADDED ENTRY--TOPICAL TERM (OCLC, RLIN)
Topical term or geographic name as entry element BUILT ENVIRONMENT-SUSTAINABLE CONSTRUCTION
942 ## - ADDED ENTRY ELEMENTS (KOHA)
Suppress in OPAC 0
Holdings
Withdrawn status Lost status Source of classification or shelving scheme Damaged status Not for loan Home library Current library Shelving location Date acquired Total Checkouts Full call number Barcode Date last seen Copy number Price effective from Koha item type
    Dewey Decimal Classification     London London Journal article 13/02/2007   L136642 136642-1001 06/08/2019 1 06/08/2019 Journal article